Mezhdunarodnye otnoshenii︠a︡ v kont︠s︡e XIX veka.

Bibliographic Details
Main Author: Rotshtein, F. A. (Fedor Aronovich), 1871-1953
Format: Book
Language:Russian
Published: Moskva : Izd-vo Akademii nauk SSSR, 1960.
Subjects:

MARC

Tag First Indicator Second Indicator Subfields
LEADER 00000cam a2200000I 4500
001 in00002098708
005 20151103050511.0
008 840731s1960 ru b 000 0 rus
010 |a  60040895  
035 |a (OCoLC)ocm11007086 
040 |a DLC  |c UMS  |d TXA  |d UtOrBLW 
049 |a TXAM 
050 0 0 |a D363  |b .R66 
100 1 |a Rotshtein, F. A.  |q (Fedor Aronovich),  |d 1871-1953. 
245 1 0 |a Mezhdunarodnye otnoshenii︠a︡ v kont︠s︡e XIX veka. 
264 1 |a Moskva :  |b Izd-vo Akademii nauk SSSR,  |c 1960. 
300 |a 705 pages ;  |c 27 cm. 
336 |a text  |b txt  |2 rdacontent 
337 |a unmediated  |b n  |2 rdamedia 
338 |a volume  |b nc  |2 rdacarrier 
500 |a At head of title: Akademii︠a︡ nauk SSSR. Institut istorii. 
504 |a Bibliographical footnotes. 
536 |a From the Estate of George and Mathilda Sabo by Dr. Joseph R. Corcoran & Irene Sabo Corcoran and Family. September 1998. 
650 0 |a World politics. 
650 0 |a History, Modern  |y 19th century. 
948 |a cataloged  |b h  |c 2006/2/15  |d c  |e tchubary  |f 11:39:24 am 
994 |a C0  |b TXA 
999 |a MARS 
999 f f |s 1e8346fc-bb06-32c9-a775-e86772e459be  |i 1e98f707-a211-3e5d-b35d-5b2d1ee8f66c  |t 0 
952 f f |p ric  |a Texas A&M University  |b Rellis Campus  |c Joint Library Facility  |d Remote Storage  |t 0  |e D363 .R66 1960  |h Library of Congress classification  |i unmediated -- volume  |m A14833535201 
998 f f |a D363 .R66 1960  |t 0  |l Remote Storage